000 00941nam a2200277 i 4500
001 000034615
003 DO-SdBNP
005 20250509135814.0
007 ta
008 111010s2003 sp a 000 0 spa d
020 _a8477209677
040 _aDO-SdBNP
_bspa
_cBNPHU
_erda
082 4 _axxx
_bF537c 2003
_222
100 1 _aFishert, Robert,
_eautor
_4aut.
_960058
240 1 0 _aThe knight in rusty armour
245 1 3 _aEl caballero de la armadura oxidada /
_cRobert Fishert ; traducción, Verónica Radziwill ; cuadernillo de actividades: Varda Fiszbein.
250 _aCuarta edición
264 1 _aBarcelona :
_bEdiciones Obelisco,
_c2003.
300 _a92 páginas ;
_c22 cm.
336 _atexto
_btxt
_2rdacontent
337 _asin mediación
_bn
_2rdamedia
338 _avolumen
_bnc
_2rdacarrier
490 1 _aColección Nueva Consciencia
700 1 _ad´Ornellas Radziwill, Verónica,
_etraductor
_4tr.
_987726
942 _2ddc
_cLBS1
999 _c34106
_d34106